00472nam a2200181 a 4500001001300000003000900013005001700022008004100039020002300080082001600103100001600119245002300135260004600158300000900204500003500213650002600248700001600274nice12345678IN_TiNIC20260116014657.0090707s2008 chaa grp 000 0 eng  a9788182471887c49500a923.2bGAN7 aGandhi, M K aIndia of My Dreams aChandigarh bAbhishek Publications c2008 a254p aincludes index and biblioraphy aGandhi M K-Philosophy1 aGandhi, M K